| 000 | 003120000a22000970004500 | ||
|---|---|---|---|
| 100 | 1 | _aCaldwell, Larry W. | |
| 245 | 1 | 0 | _aBiblical studies and fronteir missions : "What God has joined together" |
| 300 | _aVol. 2, Núm 4 (1985), Páginas 291-293 | ||
| 773 | 0 | _tInternational Journal of Frontier Misions | |
| 942 | _cANA | ||
| 999 |
_c55073 _d55073 |
||